TOP des bonbons que tout le monde mangeaient au collège - Statistiques

Statistiques générales
  • Ce quiz a été pris 80 fois
  • Le résultat moyen est 2 sur 10
Statistiques - réponses
TOP Bonbons % Correct
7 Dragibus
90%
10 M&M's
19%
6 Fraises tagada
10%
5 schtroumpf
10%
8 Skittles
10%
2 Têtes brûlées
6%
3 Collier de bonbon
4%
1 Tâches langues
4%
4 Chewing-gum Mammouth
0%
9 Pailles poudres
0%
Aucun quiz correspondant
Distribution des résultats
% des personnes avec chaque résultat
Percentile par nombre de réponses
Votre historique - résultats
Vous n’avez pas pris ce quiz